| 000 | 00769nam a2200229Ia 4500 | ||
|---|---|---|---|
| 999 |
_c49895 _d49895 |
||
| 001 | 16830 | ||
| 003 | GE_BSU | ||
| 005 | 20200203104442.0 | ||
| 008 | 181216s2000en xx |||||||||||||| ||eng|| | ||
| 020 | _a9780471399759 | ||
| 040 | _cGE_BSU | ||
| 080 | _a159.964 G-78 | ||
| 100 |
_aGreenfield, Susan _96670 |
||
| 245 | 4 |
_aThe Private Life of the Brain : _bEmotions, Consciousness, and the Secret of the Self / _cSusan Greenfield. |
|
| 260 |
_cNew York : _aJohn Wiley & Sons, Inc, _b2000. |
||
| 300 |
_a257 p; _c23 cm. |
||
| 653 | _aEmotions, Consciousness, and the Secret of the Self | ||
| 653 | _aThe Private Life of the Brain | ||
| 653 | _aემოციები, ცნობიერება | ||
| 653 | _aფსიქოლოგია | ||
| 942 |
_cBK _2udc |
||